Retomo la palabra.

Guardat en:
Dades bibliogràfiques
Autor principal: Schmidt Quintero, Mariana., [et al] (autor)
Format: Llibre
Idioma:espanyol
Matèries:
Etiquetes: Afegir etiqueta
Sense etiquetes, Sigues el primer a etiquetar aquest registre!

MARC

LEADER 00000nam^a2200000^u^4500
001 000532378
005 20250521000000.0
008 150115s10001000^^^^cr^^r^^^^^000^0^spa^d
009 20260310130911.798
022 |a 9789586711340 
035 |a FCE 000076626 
037 |a Acervo ITESO - Biblioteca 
041 |a spa 
082 0 4 |a 868.4  |b SCHr 
100 |a Schmidt Quintero, Mariana., [et al]  |e (autor) 
245 1 0 |a Retomo la palabra. 
264 |a Bogotá :  |b CERLAC : ACA,  |c 1984. 
300 |a 317 p. 
336 |a texto  |b txt  |2 rdacontenido 
337 |a sin mediación  |b n  |2 rdamedio 
338 |a volumen  |b nc  |2 rdasoporte 
649 |a XX 
650 |a Creación literaria 
650 |a Artística 
910 |a Fondo Centro de Estudios Educativos 
920 |a Impresos - Libros 
930 |a Fondos Especiales 
905 |a 133 
901 |a ALE074494  |b IT2  |c CEE  |u 20250521 
902 |a https://opac.biblio.iteso.mx/vufind/Record/000532378